000 00635cam7a220021700 4500
001 zam00003791
008 951128s1991 xx eng u
035 _a(Sirsi) r88043
035 _a(MACHINE)SLC.
100 _aGedin, P. I.
_6A47616.1
245 1 0 _a"Private enterprise publishing in Africa :
_bwhy and how it.
260 _c1991.
949 _aGED1-PRI
_wlcc
_mMAIN
_tBOOK
_lON-SHELF
004 88043
591 _aClass code: LS 417.
591 _aCourse: Bibliography and lib. Sou. of Sah..
591 _aSchool: S03.
591 _aLecturer: Dr. Kangulu, C.M.
591 _aNumber of Students: 20.
909 _aReprint
999 _c153064
_d153064